| 000 | 01137cam a22003377a 4500 | ||
|---|---|---|---|
| 003 | CHAP | ||
| 005 | 20220817041713.0 | ||
| 008 | 971013s1987 r 00010 d | ||
| 010 | _a22044 | ||
| 011 | _a23016 | ||
| 035 | _a27111 | ||
| 040 | _cCHAP | ||
| 090 | _aTesis | ||
| 100 | 0 | 0 |
_aCobos Silva, Sergio Gerardo de los. _924183 |
| 245 | 1 | 3 | _aUn sistema para la resolución del problema de localización de facilidades |
| 260 |
_aChapingo, Méx. : _bEl autor, _c1987 |
||
| 300 | _a103 h. | ||
| 502 | _aTesis (M. C. Esp. en Cómputo Estadístico) -- CP. Centro de Estadística y Cálculo | ||
| 590 |
_aALEPH _b10 _c20130110 _lUCH01 _h1246 |
||
| 590 |
_aBATCH-UPD _b10 _c20130110 _lUCH01 _h1738 |
||
| 590 |
_aBATCH-UPD _b10 _c20130410 _lUCH01 _h1118 |
||
| 590 |
_aBATCH-UPD _b10 _c20130914 _lUCH01 _h0956 |
||
| 590 |
_aCONVERSION _b10 _c20130109 _lUCH01 _h1313 |
||
| 650 | 1 | 4 |
_aOperaciones _xInvestigación. _983361 |
| 650 | 1 | 4 |
_aOptimización matemática. _983385 |
| 650 | 1 | 4 | _aProgramación. |
| 901 | _aBK | ||
| 942 | _cFOLL | ||
| 949 |
_bBC _cTES _d-62772 _eTS1 _h19345 _i27111 _si |
||
| 949 |
_bBC _cTES _d-62773 _eTS2 _fc.2 _h19346 _i27111 _si |
||
| 999 |
_c22044 _d22044 |
||